01795 a2200289 4500003000500000005001700005010001700022020001500039020002200054035002300076040000900099082001500108100001700123245003800140246002100178260006800199300003400267440002500301505077000326650002401096650002701120651004201147651003901189856010601228856009101334856008001425NUST20230209145326.0 a 2001269407 a0340706325 a0340706333 (pbk.) a(OCoLC)ocm43786758 cNust00a954.91,TAL1 aTalbot, Ian.10aIndia and Pakistan /cIan Talbot.14aIndia & Pakistan aLondon :bArnold ;aNew York :bOxford University Press,c2000. axxi, 312 p. :bmaps ;c25 cm. 0aInventing the nation8 aMachine generated contents note: Introduction (Page-1), Community, nation and the British Raj (Page-9), Indian ideas and new senses of community (Page-32), Spreading the word: communicating new senses of identity (Page-60), Anjumans, associations and sabhas: the institutionalization of -- new senses of community (Page-86 ), The politicization of community identities (Page-111), Nationalism, communal and ethnic identities and the partition -- of India (Page-134), Nation building in India: ideas and institutions (Page-162), Nation building in Pakistan: ideas and institutions (Page-196), Globalization and the nation state in the subcontinent (Page-223), Ethno-nationalism, insurgency and secessionism in India and -- Pakistan (Page-252), Conclusion (Page-283). 0aNationalismzIndia. 0aNationalismzPakistan. 0aIndiaxPolitics and governmenty1947- 0aPakistanxPolitics and government.413Contributor biographical informationuhttp://www.loc.gov/catdir/enhancements/fy0725/2001269407-b.html413Publisher descriptionuhttp://www.loc.gov/catdir/enhancements/fy0611/2001269407-d.html413Table of contents onlyuhttp://www.loc.gov/catdir/toc/fy031/2001269407.html